[Event "Bayern-ch op Seniors 26th"]
[Site "Bergen"]
[Date "2014.06.21"]
[Round "1"]
[White "Moderegger, Ludwig"]
[Black "Klein, Reinhard"]
[Result "0-1"]
[WhiteElo "1528"]
[BlackElo "1803"]
[PlyCount "104"]
[EventDate "2014.06.21"]
[EventType "swiss"]
[EventRounds "7"]
[EventCountry "GER"]
[SourceTitle "EXT 2018"]
[Source "ChessBase"]
[SourceDate "2017.10.13"]
[SourceVersion "1"]
[SourceVersionDate "2017.10.13"]
[SourceQuality "1"]

1. d4 Nf6 2. c4 e6 3. Nc3 Bb4 4. Bd2 0-0 5. Qc2 b6 6. e4 Bb7 7. Bd3 d6 8. Nge2 e5 9. d5 Nbd7 10. 0-0-0 a5 11. a3 Bxc3 12. Nxc3 Nc5 13. h3 a4 14. Kb1 Qd7 15. g4 Nb3 16. Be3 Rfc8 17. Rhf1 c5 18. f4 Nd4 19. Qh2 Qe8 20. fxe5 dxe5 21. Bxd4 cxd4 22. Nb5 Qe7 23. Rf5 Nd7 24. Rdf1 Rf8 25. h4 Qc5 26. g5 Ba6 27. Rc1 Rfc8 28. Qf2 Qf8 29. Rf1 f6 30. gxf6 gxf6 31. Rg1+ Kh8 32. Rf3 Bxb5 33. cxb5 Qh6 34. Rh1 Rc7 35. Rg3 Rac8 36. Rgg1 Nc5 37. Qe2 Nb3 38. Bc2 Nd2+ 39. Ka2 Rxc2 40. Rg2 Nb3 41. Qg4 Qg6 42. Qxc8+ Rxc8 43. Rxg6 hxg6 44. h5 gxh5 45. Rxh5+ Kg7 46. Rh1 d3 47. d6 Rd8 48. Rd1 Rxd6 49. Kb1 Rd4 50. Rg1+ Kf7 51. Rh1 Rxe4 52. Rh7+ Kg6 0-1

[Event "Bayern-ch Seniors 25th"]
[Site "Bergen"]
[Date "2013.06.22"]
[Round "9.25"]
[White "Abel, Hans Peter"]
[Black "Moderegger, Ludwig"]
[Result "1-0"]
[WhiteElo "1696"]
[BlackElo "1484"]
[PlyCount "81"]
[EventDate "2013.06.15"]
[EventType "swiss"]
[EventRounds "9"]
[EventCountry "GER"]
[SourceTitle "EXT 2022"]
[Source "ChessBase"]
[SourceDate "2021.10.06"]
[SourceVersion "1"]
[SourceVersionDate "2021.10.06"]
[SourceQuality "1"]

1. c4 Nf6 2. Nc3 e6 3. Nf3 d5 4. d4 Bb4 5. Qb3 Nc6 6. a3 Ba5 7. Bd2 0-0 8. cxd5 Nxd5 9. e3 a6 10. Qc2 Nce7 11. b4 Bb6 12. Bd3 g6 13. e4 Nxc3 14. Bxc3 f5 15. 0-0 Bd7 16. Bc4 c6 17. Bb2 fxe4 18. Qxe4 Nd5 19. Bc1 Rf7 20. Bh6 Bc7 21. Ne5 Rf5 22. Nxd7 Qxd7 23. g3 Rd8 24. h4 Kh8 25. Rae1 Re8 26. Bd3 Rff8 27. Be2 Bb6 28. Bg4 Nc7 29. Bf4 Qd5 30. Be5+ Kg8 31. Qe3 Rf7 32. Bxc7 Bxc7 33. Bxe6 Rxe6 34. Qxe6 Qxd4 35. Re3 Bb6 36. Rf3 Qd7 37. Qb3 Kg7 38. Rd1 Qc7 39. Rxf7+ Qxf7 40. Qxf7+ Kxf7 41. Rd7+ 1-0

[Event "Bayern-ch Seniors 25th"]
[Site "Bergen"]
[Date "2013.06.21"]
[Round "8.27"]
[White "Moderegger, Ludwig"]
[Black "Oser, Thor"]
[Result "1/2-1/2"]
[WhiteElo "1484"]
[BlackElo "1673"]
[PlyCount "41"]
[EventDate "2013.06.15"]
[EventType "swiss"]
[EventRounds "9"]
[EventCountry "GER"]
[SourceTitle "EXT 2022"]
[Source "ChessBase"]
[SourceDate "2021.10.06"]
[SourceVersion "1"]
[SourceVersionDate "2021.10.06"]
[SourceQuality "1"]

1. d4 d5 2. c4 e6 3. e3 Nf6 4. Nc3 c6 5. Nf3 Bd6 6. Bd3 0-0 7. Qc2 h6 8. c5 Bc7 9. b4 a6 10. Bd2 Nbd7 11. e4 dxe4 12. Nxe4 Nxe4 13. Bxe4 Nf6 14. 0-0 Nxe4 15. Qxe4 Qd5 16. Rfe1 Qxe4 17. Rxe4 Rd8 18. Bc3 a5 19. a3 axb4 20. axb4 Rxa1+ 21. Bxa1 1/2-1/2

[Event "Bayern-ch Seniors 24nd"]
[Site "Bergen"]
[Date "2012.06.21"]
[Round "6"]
[White "Baumann, Walter"]
[Black "Moderegger, Ludwig"]
[Result "1-0"]
[WhiteElo "1587"]
[BlackElo "1491"]
[PlyCount "59"]
[EventDate "2012.06.16"]
[EventType "swiss"]
[EventRounds "9"]
[EventCountry "GER"]
[SourceTitle "EXT 2015"]
[Source "ChessBase"]
[SourceDate "2014.11.20"]
[SourceVersion "1"]
[SourceVersionDate "2014.11.20"]
[SourceQuality "1"]

1. d4 Nf6 2. Nf3 e6 3. c4 b6 4. Nc3 Bb7 5. e3 c6 6. Be2 Qc7 7. 0-0 Be7 8. e4 d6 9. Bf4 Nbd7 10. h3 h6 11. e5 Nh7 12. Ne4 d5 13. Nd6+ Bxd6 14. exd6 Qd8 15. cxd5 cxd5 16. Rc1 0-0 17. Rc7 Rb8 18. Qa4 Nhf6 19. Qxa7 Bc8 20. Bb5 g5 21. Be5 Kg7 22. Bxd7 Bxd7 23. Rxd7 Qc8 24. Rc7 Qd8 25. Rfc1 Kg6 26. a3 Ne4 27. d7 f6 28. Rc8 Qe7 29. Bxb8 Rd8 30. Rxd8 1-0

[Event "Bayern-ch Seniors 21st"]
[Site "Bergen"]
[Date "2009.06.24"]
[Round "5"]
[White "Hartlaub, Marianne"]
[Black "Moderegger, Ludwig"]
[Result "1-0"]
[WhiteElo "1485"]
[BlackElo "1472"]
[PlyCount "69"]
[EventDate "2009.06.20"]
[EventType "swiss"]
[EventRounds "9"]
[EventCountry "GER"]
[SourceTitle "EXT 2015"]
[Source "ChessBase"]
[SourceDate "2014.11.20"]
[SourceVersion "1"]
[SourceVersionDate "2014.11.20"]
[SourceQuality "1"]

1. Nf3 d5 2. c4 dxc4 3. Qa4+ Nc6 4. Ne5 Bd7 5. Nxd7 Qxd7 6. Qxc4 Nf6 7. e3 e6 8. g3 Ne5 9. Qe2 Qc6 10. Qb5 Qxb5 11. Bxb5+ c6 12. Be2 Bb4 13. a3 Ba5 14. b4 Bb6 15. 0-0 0-0 16. Bb2 Bc7 17. d4 Neg4 18. h3 Nh6 19. Kg2 Rad8 20. Nd2 Rd7 21. Rac1 Nf5 22. Nb3 Bb8 23. a4 Nd6 24. Ba3 Rfd8 25. Nc5 Rc7 26. Nb3 Rcd7 27. Rc2 Nde4 28. Rfc1 g6 29. b5 cxb5 30. Bxb5 Rd5 31. Be7 Kg7 32. Bxd8 Rxd8 33. Rc8 Rxc8 34. Rxc8 a6 35. Rxb8 1-0

[Event "Bayern-ch Seniors 21st"]
[Site "Bergen"]
[Date "2009.06.23"]
[Round "4"]
[White "Moderegger, Ludwig"]
[Black "Ludwig, Ines"]
[Result "0-1"]
[WhiteElo "1472"]
[BlackElo "1450"]
[PlyCount "184"]
[EventDate "2009.06.20"]
[EventType "swiss"]
[EventRounds "9"]
[EventCountry "GER"]
[SourceTitle "EXT 2015"]
[Source "ChessBase"]
[SourceDate "2014.11.20"]
[SourceVersion "1"]
[SourceVersionDate "2014.11.20"]
[SourceQuality "1"]

1. d4 d5 2. e3 e6 3. c4 c6 4. a3 Bd6 5. Nf3 Nd7 6. c5 Bc7 7. b4 a6 8. Qc2 f5 9. g3 Ngf6 10. Bd3 Ne4 11. Bb2 Qf6 12. Nc3 e5 13. 0-0-0 Nxc3 14. dxe5 Nxe5 15. Bxc3 Nxd3+ 16. Qxd3 Qe7 17. h4 0-0 18. Nd4 Qe4 19. Qe2 Bd7 20. f3 Qe7 21. f4 Qe4 22. Nf3 Rae8 23. Rhe1 Qe7 24. Ne5 Bc8 25. h5 Qf6 26. Qb2 Bxe5 27. Bxe5 Qh6 28. Qe2 Qe6 29. Qd3 Qh6 30. Rh1 Qe6 31. Rh2 Rf7 32. Rg1 Qh6 33. Rgh1 Be6 34. Rh4 Bc8 35. Kd2 Qe6 36. Ke2 h6 37. Rg1 g6 38. hxg6 Qxg6 39. Kf2 Kh7 40. Rgh1 Rg8 41. Rxh6+ Qxh6 42. Rxh6+ Kxh6 43. Qf1 Rh7 44. a4 Kg6 45. Qd3 Kf7 46. b5 Rh2+ 47. Ke1 Rxg3 48. Qf1 Rxe3+ 49. Kd1 Reh3 50. Bd4 Rh1 51. Bg1 Rg3 52. Ke2 Rgxg1 53. Qf3 Rh2+ 54. Kd3 Ra1 55. Kd4 Rxa4+ 56. Ke5 Re4+ 57. Kd6 Re7 58. bxc6 Rh6+ 59. Kxd5 bxc6+ 60. Kd4 Re4+ 61. Kd3 Be6 62. Qg3 Rg6 63. Qh2 Bc4+ 64. Kc3 Ke6 65. Qh8 Rg3+ 66. Kb4 Bd5+ 67. Ka5 Ra3+ 68. Kb6 Kd7 69. Qh7+ Re7 70. Qxf5+ Be6 71. Qe5 Rb3+ 72. Ka5 Rd3 73. Qb2 Rb3 74. Qd4+ Kc8 75. Qd6 Ra3+ 76. Kb4 Rb3+ 77. Ka5 Rbb7 78. Qxc6+ Kb8 79. Qd6+ Ka7 80. Qd4 Rb5+ 81. Ka4 Bb3+ 82. Ka3 Kb7 83. Qd6 Rc7 84. f5 Rcxc5 85. f6 Bf7 86. Qe7+ Rc7 87. Qe4+ Kb6 88. Qd4+ Kb7 89. Qe4+ Kc8 90. Qd4 Rb3+ 91. Ka4 Rc4+ 92. Qxc4+ Bxc4 0-1